Základy biochémie

Bibliographic Details
Main Authors: Balážová, Želmíra, 1976- (Author), Gálová, Zdenka, 1954- (Author), Urminská, Dana, 1963- (Author)
Format: Book
Language:Slovak
PhysicalDescription:119 s. ilustr. 30 cm
Published: Nitra Slovenská poľnohospodárska univerzita 2012
ISBN:9788055207902
Edition:1. vyd.
Subjects:

MARC

LEADER 00000cam a22000005a 4500
001 vtls010431796
003 SK-MaSNL
005 20260301184927.0
008 240318s2012 xo a e p 000 0 slo
015 |a SNBA2012/06-03463 
020 |a 9788055207902  |q (brož.) 
035 |a BA14CF59-3EF3-4FF7-B1D7-138885556E60 
035 |a urn:nbn:sk:snk-amjy3t 
035 |a urn:nbn:sk:snk-am0085ea 
040 |a SNK  |b slo  |c SNK  |e AACR2 
041 0 |a slo 
044 |a xo  |c SK 
072 7 |a 577  |x Biochémia. Molekulárna biológia. Biofyzika  |2 konspekt 
072 7 |a 37.016  |x Učebné osnovy. Vyučovacie predmety. Učebnice  |2 konspekt 
080 |a 577.1  |2 2001 
080 |a (075.8)  |2 2001 
100 1 |a Balážová, Želmíra,  |d 1976-  |4 aut  |9 188313 
245 1 0 |a Základy biochémie  |c Ž. Balážová, Z. Gálová, D. Urminská 
250 |a 1. vyd. 
260 |a Nitra  |b Slovenská poľnohospodárska univerzita  |c 2012 
300 |a 119 s.  |b ilustr.  |c 30 cm 
366 |e 500 výt. 
504 |a Bibliogr. s. 119 
521 1 |a Pre študentov SPU 
650 0 7 |a biochémia  |2 SNKPH  |9 696 
650 0 7 |a Biochemistry  |2 SNKPHeng  |9 266275 
655 7 |a učebnice vysokých škôl  |2 SNKPH  |9 70191 
655 7 |a Textbooks (higher)  |2 SNKPHeng  |9 276436 
700 1 |a Gálová, Zdenka,  |d 1954-  |4 aut  |9 8258 
700 1 |a Urminská, Dana,  |d 1963-  |4 aut  |9 217780 
852 |a Štátna vedecká knižnica v Banskej Bystrici 
919 |a 978-80-552-0790-2 
958 |a NB 
968 |d 56/59 
999 |c 862149  |d 864079 
952 |a SNK  |b SNK  |y PREZ  |7 0  |p 17A1030595  |o snkSB 83122  |i snk2012/12310  |8 0  |0 0  |1 0  |4 0  |d 2012-06-22  |f 1  |l 0  |r 2025-05-05 00:00:00  |w 2026-02-24 
952 |a SNK  |b SNK  |y VYP  |7 0  |p 17A1030596  |o snkSB 83122 D1  |i snk2012/12311  |8 0  |0 0  |1 0  |4 0  |d 2012-06-22  |l 0  |r 2016-06-30 00:00:00  |w 2026-02-24